| 000 | 01452cad a22002295a 4500 | ||
|---|---|---|---|
| 001 | L141579 | ||
| 008 | 071203e20071128xxk f f000 0 eng d | ||
| 035 | _a(Sirsi) u141579 | ||
| 041 | 0 | _aeng | |
| 050 | 0 | 4 | _a306.026 $2 18 |
| 110 | 1 |
_aUnited Kingdom _bMinistry of Justice _95477 |
|
| 245 | 0 | 0 |
_aTransforming tribunals _bimplementing part 1 of the Tribunals, Courts and Enforcement Act 2007 _h[electronic resource] |
| 260 |
_aLondon _bMinistry of Justice _c2007 |
||
| 520 | _aConsultation paper describes the government's plans for implementing part 1 of the Tribunals, Courts and Enforcement Act 2007 (L139175). Details how the tribunal system will be organised and puts these plans within the context of ongoing tribunal reform. Seeks views on proposals for the First-Tier and Upper Tribunals created by the 2007 Act; the organisation of the Chambers in the new Tribunals; the assignment of judges throughout the Chambers; and the role of non-legal members within this structure. Responses are due by 22 February 2008. | ||
| 521 | 1 | _aAdvanced | |
| 590 | _aKA | ||
| 650 | 2 | 4 | _aTRIBUNALS, COURTS AND ENFORCEMENT ACT 2007 |
| 651 | 4 |
_aUnited Kingdom _y |
|
| 690 | _aMANAGEMENT-DISPUTE AVOIDANCE, MANAGEMENT AND RESOLUTION-DISPUTE MANAGEMENT AND RESOLUTION-TRIBUNALS-RESIDENTIAL PROPERTY TRIBUNAL SERVICE | ||
| 856 | 4 | 0 |
_uhttps://www.justice.gov.uk/publications/cp3007.htm _zView the consultation free of charge at www.justice.gov.uk... |
| 942 | _n0 | ||
| 999 |
_c107702 _d107702 |
||